Statistics for Countries Capital's General Knowledge #1

Click here to take the quiz!

General Stats

  • This quiz has been taken 90 times
  • The average score is 8 of 10

Answer Stats

HintsAnswer% Correct
ItalyRome
99%
USAWashington DC
99%
ChinaBeijing
98%
PeruLima
96%
NetherlandsAmsterdam
96%
ChileSantiago
93%
Bosnia and HerzegovinaSarajevo
80%
LichtensteinVaduz
76%
FijiSuva
65%
Burkina FasoOuagadougou
48%

Score Distribution

Percentile by Number Answered

Percent of People with Each Score

Your Score History

You have not taken this quiz